| 000 | 00000nam##2200000za#4500 |
| 001 | 9.569912 |
| 003 | CaOODSP |
| 005 | 20210624182007 |
| 007 | cr ||||||||||| |
| 008 | 150406|1989||||xxc|||||o f|0| 0 eng|d |
| 040 | |aCaOODSP|beng |
| 043 | |an-cn--- |
| 086 | 1 |aNH18-1-2/88-1989E-PDF |
| 110 | 2 |aCanada Mortgage and Housing Corporation. |
| 245 | 10|aCo-operative housing as a new life style option for seniors / |h[electronic resource]|cby Barbara Sanford. |
| 260 | |aOttawa - Ontario : |bCanada Mortgage and Housing Corporation |c1989. |
| 300 | |a109p.|bfigs., tables, photographs |
| 490 | 1 |aResearch report |
| 504 | |aBibliography. |
| 590 | |a11-25-Supp|b2011-10-31 |
| 720 | 1 |aSanford, Barbara |
| 830 | #0|aResearch report (Canada Mortgage and Housing Corporation : Online)|w(CaOODSP)9.506068 |
| 856 | 40|ahttp://publications.gc.ca|qPDF|s1.90 MB|uhttps://publications.gc.ca/collections/collection_2011/schl-cmhc/nh18-1-2/NH18-1-2-88-1989-eng.pdf |